Giáo trình Múa T.2 Giáo trình Múa

Guardado en:
Detalles Bibliográficos
Autor principal: Trần, Minh Trí
Formato: Libro
Lenguaje:Vietnamese
Publicado: H. Đại học Sư phạm 2007
Materias:
Etiquetas: Agregar Etiqueta
Sin Etiquetas, Sea el primero en etiquetar este registro!
Thư viện lưu trữ: Mạng thư viện Đại học Đà Nẵng
LEADER 00961nam a2200301 4500
001 000013985
003 10337
005 20120327150337.0
008 120327s2007 viesd
041 0 |a vie 
082 |a 792.7  |b TR-T 
100 0 |a Trần, Minh Trí 
245 1 0 |a Giáo trình Múa  |c Trần Minh Trí  |n T.2  |p Giáo trình Múa 
260 |a H.  |b Đại học Sư phạm  |c 2007 
300 |a 61 tr.  |c 24 cm 
653 |a Múa 
653 |a Giáo trình 
773 |t Giáo trình múa  |w 10335 
OWN |a LSP 
AVA |a UDN50  |b LSP  |d 792.7 TR-T  |e available  |t Error 5001 Not defined in file expand_doc_bib_avail.  |f 5  |g 0  |h N  |i 0  |k 1 
999 |a From the UDN01 
AVA |a UDN50  |b LSP  |d 792.7 TR-T  |e available  |t Error 5001 Not defined in file expand_doc_bib_avail.  |f 5  |g 0  |h N  |i 0  |k 1 
TYP |a Monograph 
TYP |a Printed language 
980 |a Mạng thư viện Đại học Đà Nẵng